|
|
|
|
| LEADER |
00000cam a2200000 7i4500 |
| 001 |
0000007473 |
| 005 |
20071101.0 |
| 008 |
070903 |
| 020 |
|
|
|a 9832661048
|
| 090 |
0 |
0 |
|a COM
|b MAL (8544)
|
| 100 |
0 |
|
|a Iskandar Ab Rashid
|
| 245 |
1 |
0 |
|a Belajar Matematik berbantukan komputer
|c Iskandar Ab Rashid;Zaitun Ismail
|
| 260 |
|
|
|a Selangor :
|b Venton Publishing ,
|c 2004
|
| 440 |
|
|
|a Siri ICT Sekolah Rendah
|
| 500 |
|
|
|a Reference
|
| 650 |
|
0 |
|a Computer
|
| 650 |
|
0 |
|a Science
|
| 700 |
0 |
|
|a Zaitun Ismail
|
| 999 |
|
|
|a 0001146269
|b Book
|c REFERENCE
|e Cawangan Bandar Penawar
|
| 999 |
|
|
|a 0001146272
|b Book
|c REFERENCE
|e Cawangan Bandar Tenggara
|